000 00979cam a2200181 4500
008 000000n2004 000 0 eng u
020 _a1904829007
035 _a(Sirsi) u126306
110 _aBuilding Maintenance Information
_93229
245 _aEconomic significance of maintenance
_bmaintenance expenditure 1993-2002
260 _aLondon
_bBMI
_c2004
300 _a13p.
_bill.
_c30cm.
490 _aBMI Special Report
_v328
520 _aObjective of this report is to estimate the annual national expenditure on maintenance work on a consistent basis and to compare the results with the value of the stock to be maintained and the general level of national expenditure. This item is part of a subscription service and cannot be photocopied. Neither can any part of it be read over the phone. Please contact BMI direct on t +44 (0)20 7695 1500 for details.
650 _aMAINTENANCE EXPENDITURE
690 _aBUILDING AND CONSTRUCTION-REPAIRS AND MAINTENANCE
942 _n0
999 _c103600
_d103600